Meracie zariadenie na kontrolu kvality pneumatík

Gespeichert in:
Bibliographische Detailangaben
1. Verfasser: Tóth, Peter, 1979- (Verfasst von)
Weitere Verfasser: Juhás, Martin, 1968- (Betreuung Doktorarbeit)
Format: Manuskript Buch
Sprache:Slowakisch
Veröffentlicht: Bratislava : STU v Bratislave SjF, 2011
Schlagworte:
Online-Zugang:VAIS
Tags: Tag hinzufügen
Keine Tags, Fügen Sie das erste Tag hinzu!

MARC

LEADER 00000ntm a22000003a 4500
001 stu232757
005 20150617230137.7
008 110803s2011----xo------------------slo-d
040 |a STU  |b slo 
041 0 |a slo 
044 |a xo 
100 1 |a Tóth, Peter,  |d 1979-  |4 aut  |u J0030  |U SjF Strojnícka fakulta  |T SjF Ústav dopravnej techniky a konštruovania  |X 29563  |U J0030  |Y 806  |7 A000029563 
242 0 0 |a Measurement device for Tire quality testing  |y eng 
245 1 |a Meracie zariadenie na kontrolu kvality pneumatík 
260 |a Bratislava :  |b STU v Bratislave SjF,  |c 2011 
650 7 |a automobily, lode a spaľovacie motory  |2 stusub 
650 7 |a Automobiles, Ships and Combustion Engines  |2 estusub 
650 7 |a pneumatika  |2 stusub 
700 1 |a Juhás, Martin,  |d 1968-  |4 ths  |u J0020  |U SjF Strojnícka fakulta  |T SjF Ústav automatizácie, merania a aplikovanej informatiky  |X 2316  |U J0020  |Y 802  |7 A000002316 
856 4 |a info a plný text  |u http://is.stuba.sk/zp/portal_zp.pl?podrobnosti=72362  |3 VAIS 
996 |b 284J041903  |c J*1137/DP  |l JJSK  |s A  |a 24  |w stu232757_0001